[Event "POL-chT 58th"]
[Site "Lubniewice"]
[Date "2002.09.05"]
[Round "6"]
[White "Wieczorek, Robert"]
[Black "Koziak, Vitali"]
[Result "0-1"]
[WhiteElo "2282"]
[BlackElo "2461"]
[PlyCount "50"]
[EventDate "2002.08.31"]
[EventType "team-tourn"]
[EventRounds "9"]
[EventCountry "POL"]
[SourceTitle "EXT 2019"]
[Source "ChessBase"]
[SourceDate "2018.10.10"]
[SourceVersion "1"]
[SourceVersionDate "2018.10.10"]
[SourceQuality "1"]
[WhiteTeam "Glogow MOK Chrobry"]
[BlackTeam "Rzeszow Zelmer"]
[WhiteTeamCountry "POL"]
[BlackTeamCountry "POL"]

1. d4 d5 2. c4 e6 3. Nc3 Be7 4. Nf3 Nf6 5. Bg5 0-0 6. e3 Nbd7 7. Rc1 a6 8. cxd5 exd5 9. Bd3 Re8 10. 0-0 c6 11. Qc2 Nf8 12. Bxf6 Bxf6 13. b4 Bg4 14. Nd2 Be7 15. a3 Bd6 16. e4 dxe4 17. Bxe4 Bf4 18. g3 Bh6 19. Qd3 Ne6 20. Bxh7+ Kh8 21. f4 Nxd4 22. Kg2 Ne2 23. h3 Nxc1 24. Rxc1 Bh5 25. Nc4 g6 0-1

[Event "Krakow op-A"]
[Site "Krakow"]
[Date "2001.01.03"]
[Round "8"]
[White "Wieczorek, Robert"]
[Black "Stryjecki, Marek"]
[Result "1/2-1/2"]
[WhiteElo "2249"]
[BlackElo "2405"]
[PlyCount "95"]
[EventDate "2000.12.??"]
[EventType "swiss"]
[EventRounds "9"]
[EventCountry "POL"]
[SourceTitle "EXT 2005"]
[Source "ChessBase"]
[SourceDate "2004.11.15"]
[SourceVersion "1"]
[SourceVersionDate "2004.11.15"]
[SourceQuality "1"]

1. d4 g6 2. c4 Bg7 3. Nc3 d6 4. e4 Nf6 5. f3 0-0 6. Be3 a6 7. Nge2 Nbd7 8. Nc1 c5 9. d5 b5 10. cxb5 Nb6 11. a4 axb5 12. Bxb5 Ba6 13. Qb3 Nfd7 14. Ra2 Ne5 15. Bxa6 Rxa6 16. Qc2 f5 17. exf5 Rxf5 18. 0-0 Qa8 19. Rd1 Nf7 20. b3 Nxd5 21. Nxd5 Rxd5 22. Nd3 Bd4 23. Re1 e5 24. f4 Ra7 25. fxe5 dxe5 26. b4 cxb4 27. Nxb4 Rc5 28. Qf2 Rc4 29. Nc2 Bxe3 30. Nxe3 Rcxa4 31. Rc2 Ra1 32. Rec1 R7a2 33. Nf1 Qd5 34. h3 Kg7 35. Rxa1 Rxa1 36. Rc7 Ra2 37. Qg3 Qd6 38. Rc3 Ra1 39. Qf2 e4 40. Rc4 Qd3 41. Qb2+ Kh6 42. Qxa1 Qxc4 43. Qf6 Qc5+ 44. Kh1 Qf5 45. Qh4+ Kg7 46. Ng3 Qe5 47. Nxe4 g5 48. Qg4 1/2-1/2

[Event "Krakow op-A"]
[Site "Krakow"]
[Date "2000.12.28"]
[Round "2"]
[White "Wieczorek, Robert"]
[Black "Gorin, Leonid"]
[Result "1/2-1/2"]
[WhiteElo "2245"]
[BlackElo "2413"]
[PlyCount "120"]
[EventDate "2000.12.??"]
[EventType "swiss"]
[EventRounds "9"]
[EventCountry "POL"]
[SourceTitle "EXT 2005"]
[Source "ChessBase"]
[SourceDate "2004.11.15"]
[SourceVersion "1"]
[SourceVersionDate "2004.11.15"]
[SourceQuality "1"]

1. d4 Nf6 2. c4 e6 3. Nf3 b6 4. e3 Bb7 5. Be2 c5 6. 0-0 Be7 7. Nc3 cxd4 8. exd4 d6 9. d5 e5 10. Nd2 Nbd7 11. f4 0-0 12. Nf3 Re8 13. fxe5 Nxe5 14. Nd4 h6 15. Nf5 Bf8 16. Qd4 Bc8 17. Qh4 Bxf5 18. Rxf5 Ng6 19. Qf2 Ne4 20. Nxe4 Rxe4 21. Bd2 Re7 22. Rf1 Qe8 23. Bd1 Ne5 24. b3 Rd8 25. Qh4 b5 26. Bc3 Ng6 27. Qd4 bxc4 28. Qxc4 Rdd7 29. Qb5 Qc8 30. Bd4 Rb7 31. Qa6 Qb8 32. Bh5 Nh8 33. R5f2 Rb5 34. Bf3 Ng6 35. Rc2 Rbb7 36. Rfc1 Rec7 37. Rxc7 Rxc7 38. Rxc7 Qxc7 39. Bxa7 Qc1+ 40. Qf1 Qa3 41. Bf2 Qxa2 42. Qd1 Ne5 43. Be2 Qa3 44. h3 Be7 45. Qc2 Bf6 46. Qc8+ Kh7 47. Qf5+ Kg8 48. Bd3 Qc1+ 49. Kh2 Bg5 50. Bc2 g6 51. Qe4 Qd2 52. Be1 Nf3+ 53. Qxf3 Qxe1 54. g3 Be3 55. h4 Bd4 56. Bd3 Be5 57. Kg2 Qd2+ 58. Qe2 Qc3 59. Qc2 Qd4 60. Bc4 Qe3 1/2-1/2

[Event "POL-chT 56th"]
[Site "Zakopane"]
[Date "2000.09.04"]
[Round "3"]
[White "Kempinski, Robert"]
[Black "Wieczorek, Robert"]
[Result "1-0"]
[WhiteElo "2522"]
[BlackElo "2245"]
[PlyCount "169"]
[EventDate "2000.09.02"]
[EventType "team-tourn"]
[EventRounds "11"]
[EventCountry "POL"]
[SourceTitle "EXT 2019"]
[Source "ChessBase"]
[SourceDate "2018.10.10"]
[SourceVersion "1"]
[SourceVersionDate "2018.10.10"]
[SourceQuality "1"]
[WhiteTeam "Lublin Drakon SKOK Chmielewskiego"]
[BlackTeam "Glogow MOK Chrobry"]
[WhiteTeamCountry "POL"]
[BlackTeamCountry "POL"]

1. d4 Nf6 2. c4 e6 3. Nf3 d5 4. Nc3 Nbd7 5. e3 c6 6. Qc2 Bd6 7. g4 Nxg4 8. Rg1 Nxh2 9. Nxh2 Bxh2 10. Rxg7 Qf6 11. Rxh7 Rxh7 12. Qxh7 Bd6 13. Qd3 Qf3 14. Qh7 Nf6 15. Qh8+ Ke7 16. Be2 Qg2 17. c5 Bc7 18. Bd2 Qg1+ 19. Bf1 Qg4 20. Be2 Qg1+ 21. Bf1 Qg4 22. Qh1 Qh5 23. Qxh5 Nxh5 24. e4 f6 25. 0-0-0 Bd7 26. Be2 Nf4 27. Rh1 Rf8 28. Bf1 dxe4 29. Nxe4 Nd5 30. Bc4 Rf7 31. Rh6 b5 32. cxb6 axb6 33. Rh4 e5 34. dxe5 Bxe5 35. Nc3 Kd6 36. Nxd5 cxd5 37. Bd3 Kc6 38. Be3 Bd6 39. Rh6 Bc5 40. Kd2 Bb4+ 41. Kc2 Bc5 42. Kc3 Be6 43. Bd4 Kd6 44. f4 Bxd4+ 45. Kxd4 Rf8 46. a4 Bd7 47. b3 Ke6 48. Rh5 Bc6 49. Bf5+ Ke7 50. Rh7+ Rf7 51. Rh8 Kd6 52. Rd8+ Kc7 53. Rc8+ Kd6 54. Be6 Rh7 55. Bxd5 Bxd5 56. Rd8+ Ke6 57. Rxd5 Rh4 58. Rb5 Rxf4+ 59. Ke3 Rf1 60. Rxb6+ Kd5 61. a5 f5 62. b4 f4+ 63. Ke2 Rb1 64. Kf3 Rf1+ 65. Kg2 Ra1 66. a6 Ke4 67. b5 f3+ 68. Kg3 Rg1+ 69. Kf2 Rg2+ 70. Kf1 Ra2 71. Rb7 Ke3 72. Re7+ Kf4 73. a7 Ra1+ 74. Kf2 Ra2+ 75. Kg1 Ra1+ 76. Kh2 f2 77. Rf7+ Ke3 78. b6 Ke2 79. Kg2 Rg1+ 80. Kh3 Ra1 81. b7 Rxa7 82. b8Q f1Q+ 83. Rxf1 Rh7+ 84. Kg4 Rg7+ 85. Kh5 1-0

[Event "Swidnica op-B"]
[Site "Swidnica"]
[Date "2000.??.??"]
[Round "6"]
[White "Krajewski, Radoslaw"]
[Black "Wieczorek, Robert"]
[Result "0-1"]
[WhiteElo "2090"]
[BlackElo "2180"]
[PlyCount "82"]
[EventDate "2000.07.??"]
[EventType "swiss"]
[EventRounds "10"]
[EventCountry "POL"]
[SourceTitle "EXT 2003"]
[Source "ChessBase"]
[SourceDate "2002.11.25"]
[SourceVersion "1"]
[SourceVersionDate "2002.11.25"]
[SourceQuality "1"]

1. d4 d5 2. c4 e6 3. Nc3 f5 4. Nf3 c6 5. Bf4 Nf6 6. e3 Be7 7. Bd3 0-0 8. Qc2 Qa5 9. Ke2 dxc4 10. Bxc4 Nd5 11. Bxd5 exd5 12. Rhc1 Nd7 13. a3 Qd8 14. h3 Qe8 15. b4 Qh5 16. g4 fxg4 17. hxg4 Qxg4 18. b5 Nb6 19. Rg1 Qf5 20. Qxf5 Bxf5 21. bxc6 bxc6 22. Ne5 Rac8 23. Rac1 g6 24. Nb1 c5 25. dxc5 Rxc5 26. Nd3 Rxc1 27. Rxc1 Rc8 28. Rxc8+ Bxc8 29. Nb4 Bd7 30. Nc3 Kf7 31. Bb8 a5 32. Nc2 a4 33. Na2 Nc4 34. Nab4 Nxa3 35. Nxa3 Bxb4 36. Nc2 Bc5 37. Be5 h5 38. Kf3 a3 39. Kf4 a2 40. Kg5 Ba4 41. Na1 Be7+ 0-1

[Event "Swidnica op-B"]
[Site "Swidnica"]
[Date "2000.??.??"]
[Round "9"]
[White "Wieczorek, Robert"]
[Black "Drelinkiewicz, Tadeusz"]
[Result "1/2-1/2"]
[WhiteElo "2180"]
[BlackElo "2125"]
[PlyCount "110"]
[EventDate "2000.07.??"]
[EventType "swiss"]
[EventRounds "10"]
[EventCountry "POL"]
[SourceTitle "EXT 2003"]
[Source "ChessBase"]
[SourceDate "2002.11.25"]
[SourceVersion "1"]
[SourceVersionDate "2002.11.25"]
[SourceQuality "1"]

1. d4 Nf6 2. c4 g6 3. Nc3 d5 4. Bg5 Ne4 5. Bf4 Nxc3 6. bxc3 Bg7 7. e3 c5 8. Qa4+ Nc6 9. Nf3 0-0 10. Rb1 cxd4 11. cxd4 dxc4 12. Bxc4 Na5 13. Bd3 Bd7 14. Qa3 b6 15. Ne5 Be6 16. 0-0 g5 17. Bg3 Bf6 18. Bc2 Kg7 19. f4 h6 20. Qd3 Rh8 21. fxg5 hxg5 22. Rbd1 Rc8 23. Rf2 Bxa2 24. d5 Rxc2 25. Rxc2 Bb3 26. Ng4 Bxc2 27. Qxc2 Qc8 28. Qe4 Qc4 29. Nxf6 exf6 30. Qe7 Qc5 31. Bd6 Qc3 32. Bb4 Qb2 33. Bxa5 bxa5 34. d6 Qb3 35. Ra1 Qc3 36. Rd1 Qc5 37. Rf1 Qe5 38. Qxe5 fxe5 39. Ra1 Rd8 40. Rxa5 Kf6 41. Rxa7 Rxd6 42. Kf2 Rd2+ 43. Kg3 e4 44. Ra4 Kf5 45. Ra5+ Kg6 46. Ra4 f5 47. Ra6+ Kf7 48. h4 f4+ 49. exf4 gxh4+ 50. Kxh4 Rxg2 51. Ra4 Kf6 52. Rxe4 Kf5 53. Ra4 Rg4+ 54. Kh3 Rxf4 55. Rxf4+ Kxf4 1/2-1/2

[Event "POL-chT 55th"]
[Site "Suwalki"]
[Date "1999.09.24"]
[Round "7"]
[White "Praszak, Michal"]
[Black "Wieczorek, Robert"]
[Result "1-0"]
[WhiteElo "2253"]
[BlackElo "2163"]
[PlyCount "115"]
[EventDate "1999.09.18"]
[EventType "team-tourn"]
[EventRounds "11"]
[EventCountry "POL"]
[SourceTitle "EXT 2019"]
[Source "ChessBase"]
[SourceDate "2018.10.10"]
[SourceVersion "1"]
[SourceVersionDate "2018.10.10"]
[SourceQuality "1"]
[WhiteTeam "Lublin Drakon SKOK Chmielewskiego"]
[BlackTeam "Glogow MOK Chrobry"]
[WhiteTeamCountry "POL"]
[BlackTeamCountry "POL"]

1. d4 d5 2. c4 e6 3. g3 c6 4. Bg2 f5 5. Qc2 Bd6 6. Nh3 Nf6 7. 0-0 0-0 8. Bf4 Qe7 9. Bxd6 Qxd6 10. Nf4 Nbd7 11. Nd2 Ne4 12. Nf3 g5 13. Nd3 g4 14. c5 Qe7 15. Nfe5 Ng5 16. f3 Nxe5 17. Nxe5 gxf3 18. exf3 Nf7 19. Rae1 Nxe5 20. Rxe5 Bd7 21. Rfe1 Rae8 22. Qa4 a6 23. Qb3 Bc8 24. Qe3 Rf6 25. Qf4 Ref8 26. b4 b5 27. a4 Qg7 28. axb5 axb5 29. Ra1 Qh6 30. Qxh6 Rxh6 31. Re2 Rg6 32. Rea2 Rg7 33. Kf2 Re8 34. Ra8 Rge7 35. R1a7 Kf7 36. Ke3 Bd7 37. Rxe8 Bxe8 38. Ra2 e5 39. dxe5 Rxe5+ 40. Kf4 Kf6 41. Bh3 h6 42. Ra7 Re2 43. Bxf5 Rb2 44. g4 Rxb4+ 45. Kg3 h5 46. Ra8 hxg4 47. fxg4 Ke7 48. g5 Ra4 49. Rb8 Ra1 50. Rb7+ Kf8 51. Kf4 Rg1 52. h4 d4 53. Ke5 d3 54. Bxd3 Rc1 55. Kf6 Rxc5 56. g6 Rd5 57. g7+ Kg8 58. Bf5 1-0

[Event "POL-chT 55th"]
[Site "Suwalki"]
[Date "1999.09.19"]
[Round "2"]
[White "Wieczorek, Robert"]
[Black "Klimaszewski, Dariusz1111"]
[Result "1-0"]
[WhiteElo "2163"]
[BlackElo "2258"]
[PlyCount "117"]
[EventDate "1999.09.18"]
[EventType "team-tourn"]
[EventRounds "11"]
[EventCountry "POL"]
[SourceTitle "EXT 2019"]
[Source "ChessBase"]
[SourceDate "2018.10.10"]
[SourceVersion "1"]
[SourceVersionDate "2018.10.10"]
[SourceQuality "1"]
[WhiteTeam "Glogow MOK Chrobry"]
[BlackTeam "Suwalki Hancza"]
[WhiteTeamCountry "POL"]
[BlackTeamCountry "POL"]

1. d4 Nf6 2. c4 g6 3. Nc3 Bg7 4. e4 d6 5. f3 0-0 6. Be3 Nbd7 7. Qd2 e5 8. Nge2 c6 9. 0-0-0 Qc7 10. Kb1 a6 11. Nc1 Re8 12. dxe5 dxe5 13. Nb3 Nh5 14. g3 Bf8 15. Na4 b5 16. Nac5 Nxc5 17. Bxc5 Be6 18. Bxf8 Rxf8 19. Qd6 Qxd6 20. Rxd6 Rfd8 21. Rxc6 Rd1+ 22. Kc2 Rad8 23. Bg2 R1d3 24. Bf1 Rxf3 25. cxb5 axb5 26. Bxb5 Rf2+ 27. Kc3 Rf3+ 28. Kb4 Nf6 29. Nc5 Rd4+ 30. Ka5 Bh3 31. a4 Nxe4 32. Re1 Nxc5 33. Rxc5 e4 34. Bc6 Bf5 35. b4 Ra3 36. Re5 f6 37. Re7 Kf8 38. Rxh7 e3 39. Bb5 g5 40. Rh8+ Kg7 41. Re8 Re4 42. Rxe4 Bxe4 43. g4 f5 44. gxf5 Kf6 45. Kb6 Kxf5 46. a5 Kf4 47. Be2 g4 48. a6 Bg2 49. a7 Ra2 50. Bxg4 Kxg4 51. Rxe3 Bh1 52. Re8 Kf5 53. h4 Kf6 54. h5 Ra1 55. h6 Kg6 56. b5 Kh7 57. Rb8 Bg2 58. Rb7+ Kxh6 59. Kc7 1-0

[Event "POL-chT 55th"]
[Site "Suwalki"]
[Date "1999.09.18"]
[Round "1"]
[White "Jasnikowski, Zbigniew"]
[Black "Wieczorek, Robert"]
[Result "1-0"]
[WhiteElo "2407"]
[BlackElo "2163"]
[PlyCount "100"]
[EventDate "1999.09.18"]
[EventType "team-tourn"]
[EventRounds "11"]
[EventCountry "POL"]
[SourceTitle "EXT 2019"]
[Source "ChessBase"]
[SourceDate "2018.10.10"]
[SourceVersion "1"]
[SourceVersionDate "2018.10.10"]
[SourceQuality "1"]
[WhiteTeam "Wroclaw Hetman"]
[BlackTeam "Glogow MOK Chrobry"]
[WhiteTeamCountry "POL"]
[BlackTeamCountry "POL"]

1. d4 d5 2. c4 e6 3. Nf3 f5 4. Bf4 c6 5. e3 Nf6 6. Nc3 Be7 7. Bd3 0-0 8. Qc2 Ne4 9. h3 Qa5 10. 0-0 Nd7 11. a3 Qd8 12. b4 a6 13. Rab1 Qe8 14. cxd5 exd5 15. a4 g5 16. Bh2 Qh5 17. Ne5 Rf6 18. Nxe4 fxe4 19. Be2 Qe8 20. Ng4 Rg6 21. f3 h5 22. Ne5 Nxe5 23. Bxe5 exf3 24. Bd3 Rh6 25. Rxf3 g4 26. Rf2 Bh4 27. Rbf1 Bxf2+ 28. Qxf2 Qe7 29. Qf4 Re6 30. hxg4 Rxe5 31. dxe5 Bxg4 32. e4 Rf8 33. Qxf8+ Qxf8 34. Rxf8+ Kxf8 35. exd5 cxd5 36. Kf2 Ke7 37. Ke3 h4 38. Kd4 Be6 39. a5 Kd7 40. Kc5 Kc7 41. Bf1 Bf7 42. Be2 Be6 43. Bf3 Bf5 44. Kd4 b6 45. Bxd5 Bc8 46. e6 bxa5 47. bxa5 Kd6 48. Ke4 Bxe6 49. Bxe6 Kxe6 50. Kf4 Kd5 1-0

[Event "Krakow op-A"]
[Site "Krakow"]
[Date "1999.??.??"]
[Round "?"]
[White "Miton, Kamil"]
[Black "Wieczorek, Robert"]
[Result "1/2-1/2"]
[WhiteElo "2400"]
[BlackElo "2160"]
[PlyCount "124"]
[EventDate "1999.??.??"]
[EventType "swiss"]
[EventRounds "11"]
[EventCountry "POL"]
[SourceTitle "EXT 2002"]
[Source "ChessBase"]
[SourceDate "2001.11.25"]
[SourceVersion "1"]
[SourceVersionDate "2001.11.25"]
[SourceQuality "1"]

1. d4 d5 2. c4 e6 3. Nf3 f5 4. Nc3 Nf6 5. Bf4 c6 6. e3 Be7 7. Qc2 0-0 8. Bd3 Ne4 9. g4 Qa5 10. Qb3 Nd7 11. gxf5 Nxc3 12. bxc3 exf5 13. Ke2 Nf6 14. Ne5 Ng4 15. Rhg1 Nxe5 16. Bxe5 Bf6 17. Bd6 Rf7 18. cxd5 cxd5 19. Qb5 Qxb5 20. Bxb5 Bd7 21. Bd3 Rc8 22. Rgc1 Be6 23. Bc5 a6 24. Rab1 Rfc7 25. Rb6 Re8 26. Bd6 Rf7 27. Rcb1 Bc8 28. Bf4 Bd8 29. R6b3 Bc7 30. Bxc7 Rxc7 31. Kd2 g6 32. Rb6 Re6 33. Be2 Kf7 34. Bf3 Rxb6 35. Rxb6 Be6 36. c4 Rxc4 37. Rxb7+ Kf6 38. Rb6 Ke7 39. Rxa6 h5 40. Ra7+ Kf6 41. Bd1 Rc6 42. Bb3 f4 43. a4 fxe3+ 44. fxe3 g5 45. Ra5 Rd6 46. Rc5 h4 47. Rc1 g4 48. a5 Kg5 49. Bd1 h3 50. Be2 g3 51. a6 g2 52. Bd3 Rb6 53. Ra1 Bc8 54. a7 Bb7 55. a8Q Bxa8 56. Rxa8 Rb2+ 57. Kc3 Ra2 58. Rg8+ Kf6 59. Rg6+ Kf7 60. Rg3 Ra1 61. Bf5 g1Q 62. Rxg1 Rxg1 1/2-1/2

[Event "Bydgoszcz op-B"]
[Site "Bydgoszcz"]
[Date "1999.??.??"]
[Round "8"]
[White "Wieczorek, Robert"]
[Black "Gashimov, Sarkhan"]
[Result "1/2-1/2"]
[WhiteElo "2131"]
[BlackElo "2200"]
[PlyCount "42"]
[EventDate "1999.??.??"]
[EventType "swiss"]
[EventRounds "9"]
[EventCountry "POL"]
[SourceTitle "EXT 2001"]
[Source "ChessBase"]
[SourceDate "2000.11.22"]
[SourceVersion "1"]
[SourceVersionDate "2000.11.22"]
[SourceQuality "1"]

1. d4 d5 2. c4 dxc4 3. Nf3 a6 4. a4 Nc6 5. e3 Na5 6. Nbd2 Nf6 7. Nxc4 Nxc4 8. Bxc4 e6 9. 0-0 c5 10. b3 cxd4 11. Nxd4 Bc5 12. Bb2 0-0 13. Qf3 Qe7 14. Ne2 Rb8 15. Qg3 Bd7 16. Be5 Rbc8 17. Rfd1 Bc6 18. Bd3 Rfd8 19. Nc3 g6 20. Bc4 Rxd1+ 21. Rxd1 Rd8 1/2-1/2

[Event "Krakow op-A"]
[Site "Krakow"]
[Date "1999.??.??"]
[Round "?"]
[White "Zozulia, Anna"]
[Black "Wieczorek, Robert"]
[Result "0-1"]
[WhiteElo "2327"]
[BlackElo "2131"]
[PlyCount "52"]
[EventDate "1999.??.??"]
[EventType "swiss"]
[EventRounds "11"]
[EventCountry "POL"]
[SourceTitle "EXT 2002"]
[Source "ChessBase"]
[SourceDate "2001.11.25"]
[SourceVersion "1"]
[SourceVersionDate "2001.11.25"]
[SourceQuality "1"]

1. e4 c6 2. d4 d5 3. e5 Bf5 4. Nc3 e6 5. g4 Bg6 6. Nge2 f6 7. Nf4 Bf7 8. Qe2 Nd7 9. exf6 Qxf6 10. g5 Qxd4 11. Nxe6 Bxe6 12. Qxe6+ Ne7 13. Be3 Qe5 14. Qg4 Qf5 15. Qa4 b5 16. Bxb5 Qf3 17. Rg1 cxb5 18. Nxb5 Nf5 19. Nc7+ Kd8 20. Nxa8 Nxe3 21. Rg3 Bb4+ 22. c3 Qh1+ 23. Ke2 Qxa1 24. Rxe3 Qxb2+ 25. Kf1 Rf8 26. Re2 Qc1+ 0-1

[Event "POL-chT 54th"]
[Site "Lubniewice"]
[Date "1998.11.09"]
[Round "9"]
[White "Wieczorek, Robert"]
[Black "Bielinski, Leszek"]
[Result "1-0"]
[WhiteElo "2095"]
[BlackElo "2245"]
[PlyCount "64"]
[EventDate "1998.11.01"]
[EventType "team-tourn"]
[EventRounds "9"]
[EventCountry "POL"]
[SourceTitle "EXT 2019"]
[Source "ChessBase"]
[SourceDate "2018.10.10"]
[SourceVersion "1"]
[SourceVersionDate "2018.10.10"]
[SourceQuality "1"]
[WhiteTeam "Glogow MOK Chrobry"]
[BlackTeam "Warszawa Entropia"]
[WhiteTeamCountry "POL"]
[BlackTeamCountry "POL"]

1. d4 d5 2. c4 e6 3. Nc3 Be7 4. Nf3 Nf6 5. Bg5 0-0 6. e3 b6 7. Rc1 Bb7 8. Bd3 Nbd7 9. cxd5 exd5 10. 0-0 h6 11. Bh4 c5 12. dxc5 bxc5 13. Bb1 Qb6 14. Qc2 Rac8 15. Ne5 Rfd8 16. Nxd5 Bxd5 17. Nxd7 Rxd7 18. Bxf6 Bxf6 19. Qh7+ Kf8 20. Qh8+ Ke7 21. Qxc8 Rc7 22. Qf5 Be6 23. Qf4 Bxb2 24. Rc2 Rd7 25. Qe4 f5 26. Qf3 c4 27. e4 fxe4 28. Qxe4 Qd4 29. Re2 Qxe4 30. Bxe4 Bd4 31. Bf3 Kf6 32. Rfe1 c3 1-0

[Event "POL-chT2 U18"]
[Site "Augustow"]
[Date "1996.??.??"]
[Round "?"]
[White "Bobras, Piotr"]
[Black "Wieczorek, Robert"]
[Result "0-1"]
[WhiteElo "2355"]
[BlackElo "2000"]
[PlyCount "88"]
[EventDate "1996.??.??"]
[EventType "team"]
[EventRounds "10"]
[EventCountry "POL"]
[SourceTitle "EXT 2003"]
[Source "ChessBase"]
[SourceDate "2002.11.25"]
[SourceVersion "1"]
[SourceVersionDate "2002.11.25"]
[SourceQuality "1"]

1. e4 e5 2. Nf3 d6 3. d4 Nd7 4. Bc4 c6 5. 0-0 Be7 6. dxe5 dxe5 7. Qe2 b5 8. Bb3 Ngf6 9. a4 a6 10. axb5 cxb5 11. Nc3 Bb7 12. Rd1 Qc7 13. Bg5 0-0 14. Nh4 Nc5 15. Nf5 Nxb3 16. cxb3 Rfd8 17. Rac1 Rxd1+ 18. Qxd1 Qd8 19. Qf3 Rc8 20. Qg3 Bxe4 21. Rd1 Qxd1+ 22. Nxd1 Bxf5 23. Qxe5 Be6 24. h3 h6 25. Bf4 Nd7 26. Qe3 Bf6 27. b4 Rc4 28. Bd6 Rd4 29. Nc3 Rxd6 30. Qa7 Bxc3 31. bxc3 Kh7 32. Kh2 Nf6 33. Qc7 Rd3 34. Qc6 Bc4 35. Qxa6 Rxc3 36. Qc8 g6 37. Qd8 Nd5 38. Qf8 Nf4 39. Qe7 Nd3 40. f3 Rc2 41. h4 h5 42. Kh3 Be6+ 43. Kg3 Ne1 44. Kf4 Rxg2 0-1

[Event "POL-chT2 U18"]
[Site "Augustow"]
[Date "1996.??.??"]
[Round "?"]
[White "Cyborowski, Lukasz"]
[Black "Wieczorek, Robert"]
[Result "1-0"]
[WhiteElo "2270"]
[BlackElo "2000"]
[PlyCount "53"]
[EventDate "1996.??.??"]
[EventType "team"]
[EventRounds "10"]
[EventCountry "POL"]
[SourceTitle "EXT 2003"]
[Source "ChessBase"]
[SourceDate "2002.11.25"]
[SourceVersion "1"]
[SourceVersionDate "2002.11.25"]
[SourceQuality "1"]

1. e4 e5 2. Nf3 d6 3. d4 Nd7 4. Bc4 c6 5. 0-0 Be7 6. dxe5 dxe5 7. Ng5 Bxg5 8. Qh5 Qe7 9. Qxg5 Ngf6 10. Be3 0-0 11. Nd2 b5 12. Be2 Nc5 13. f3 a5 14. Kh1 Ba6 15. Rfd1 Na4 16. Rab1 Qc7 17. Bg1 c5 18. Qe3 Rac8 19. b3 Nb6 20. a4 Qc6 21. Ra1 Rfd8 22. axb5 Bxb5 23. Rxa5 Bxe2 24. Qxe2 Nfd7 25. Nc4 Qc7 26. Nxb6 Qxb6 27. Ra6 1-0